01629nam a2200313 a 4500001001000000005001700010008004100027041000800068044000800076084002000084100004500104245017800149260003400327300001700361500019000378500017800568500012500746500005100871500001000922546002400932650005200956650005601008650003401064650004501098700004901143700003401192700003901226740005001265BRCA_321420190320204152.0270209s1766----enk#---###---#000-0#eng-# aeng aenk a515b.D66c17661 aCervantes Saavedra, Miguel ded1547-161610aThe History of the Renowned Don Quixote de la ManchacWritten in Spanish by Miguel de Cervantes Saavedra ; Translated by Several Hands and Published by the Late Mr. Motteux. aEdinburgobA. Donaldsonc1766 a4 v.c17 cm. aContenido : v.1. Primera parte. Noticia sobre el autor. Prólogo de Cervantes. -- v.2. Primera parte. Texto. -- v.3. Segunda parte. Prólogo de Cervantes. -- v.4. Segunda parte. Texto aEdición : Revised a new from the Best Spanish Edition by Mr. Ozell. With Explanatory Notes from Jarvis, Oudin, Sobrino, Pinedo, Gregorio, the Royal Academi of Madrid, etc. aReimpresión de la traducción de Motteux, revisada por Ozell, públicada en 1757, por Foulis. Piel. Lúdovik Osterc aEstado físico : Encuadernación desprendida aQM770 aTexto en : inglés14aNovela españolayÉpoca clásica, 1500-170014aLiteratura españolayÉpoca clásica, 1500-170014aNovela españolaySiglo XVII14aDon Quijote (Personaje ficticio)eNovela1 aMotteux, Peter Anthonyd1663-1718eTraductor1 aOzell, Johnd?-1743eAnotador1 aJarvis, Charlesd?-1739eTraductor0 aEl Ingenioso Hidalgo Don Quijote de la Mancha